Statistiken für Karte von Europa mit zufällig zusammengefügten Ländern

Klicken Sie hier um das Quiz zu spielen!

Allgemein

  • Dieses Quiz wurde 171 mal gespielt
  • Das Durchschnittsergebnis liegt bei 11 aus 12

Antworten auf der Karte

Die Antworten werden auf der Karte rot bzw. grün angezeigt, abhängig davon wie oft sie richtig erraten wurden.
 

Antwortstatistiken

Land% Korrekt
LänderBelarus
100%
LänderBelarus
100%
LänderBelarus
100%
LänderBulgarien
100%
LänderDeutschland
100%
LänderDeutschland
100%
LänderDeutschland
100%
LänderEstland
100%
LänderFinnland
100%
LänderFrankreich
100%
LänderFrankreich
100%
LänderGriechenland
100%
LänderGriechenland
100%
LänderItalien
100%
LänderItalien
100%
LänderItalien
100%
LänderKroatien
100%
LänderLettland
100%
LänderLettland
100%
LänderLitauen
100%
LänderNorwegen
100%
LänderÖsterreich
100%
LänderÖsterreich
100%
LänderÖsterreich
100%
LänderÖsterreich
100%
LänderPolen
100%
LänderPolen
100%
LänderPolen
100%
LänderPolen
100%
LänderPolen
100%
LänderPortugal
100%
LänderRumänien
100%
LänderRumänien
100%
LänderRussland
100%
LänderRussland
100%
LänderRussland
100%
LänderSchweden
100%
LänderSchweiz
100%
LänderSchweiz
100%
LänderSchweiz
100%
LänderSerbien
100%
LänderSerbien
100%
LänderSerbien
100%
LänderSlowakei
100%
LänderSlowenien
100%
LänderSpanien
100%
LänderSpanien
100%
LänderTschechien
100%
LänderTschechien
100%
LänderUkraine
100%
LänderUkraine
100%
LänderUkraine
100%
LänderUkraine
100%
LänderUkraine
100%
LänderUngarn
100%
LänderUngarn
100%
LänderUngarn
100%
LänderUngarn
100%
LänderUkraine
95%
LänderFinnland
94%
LänderÖsterreich
94%
LänderSchweden
94%
LänderSlowakei
94%
LänderTschechien
94%
LänderBelgien
93%
LänderDeutschland
93%
LänderFrankreich
93%
LänderSlowakei
93%
LänderUngarn
93%
LänderBulgarien
92%
LänderDeutschland
92%
LänderFrankreich
92%
LänderItalien
92%
LänderLettland
92%
LänderÖsterreich
92%
LänderRumänien
92%
LänderSerbien
92%
LänderSlowakei
92%
LänderTschechien
92%
LänderEstland
91%
LänderKroatien
91%
LänderRussland
91%
LänderSlowakei
91%
LänderUkraine
91%
LänderAlbanien
90%
LänderBosnien und Herzegowina
90%
LänderFrankreich
90%
LänderKroatien
90%
LänderNorwegen
90%
LänderSchweiz
90%
LänderBelarus
89%
LänderLettland
89%
LänderAlbanien
88%
LänderDeutschland
88%
LänderNordmazedonien
88%
LänderÖsterreich
88%
LänderNiederlande
86%
LänderPolen
86%
LänderLitauen
85%
LänderBosnien und Herzegowina
83%
LänderNordmazedonien
83%
LänderGriechenland
82%
LänderNordmazedonien
82%
LänderUngarn
81%
LänderBelarus
80%
LänderFinnland
80%
LänderNiederlande
80%
LänderRussland
80%
LänderBulgarien
78%
LänderSerbien
78%
LänderSlowenien
78%
LänderBelgien
75%
LänderBelgien
75%
LänderDeutschland
75%
LänderIrland
75%
LänderVereinigtes Königreich
75%
LänderLitauen
73%
LänderMoldawien
73%
LänderBulgarien
67%
LänderKroatien
67%
LänderRumänien
67%
LänderSlowenien
67%
LänderMoldawien
62%
LänderRumänien
62%

Verteilung der Resultate

Perzentil nach korrekt beantworteten Fragen

Anzahl Personen mit jedem Resultat

Ihre Resultats-Entwicklung

Sie haben dieses Quiz noch nicht gespielt